[Event "XXXII Moglianoscacchi B"]
[Site "Mogliano Veneto ITA"]
[Date "2011.04.29"]
[Round "1"]
[White "Anselmi, Beatrice"]
[Black "Zamengo, Bruno"]
[Result "0-1"]
[WhiteElo "1749"]
[BlackElo "1890"]
[PlyCount "96"]
[EventDate "2011.04.29"]

1. e4 e6 2. d4 d5 3. Nc3 Nf6 4. Bg5 dxe4 5. Nxe4 Be7 6. Bxf6 Bxf6 7. Nf3 Bd7 8.
Bd3 Bc6 9. c3 Nd7 10. O-O Be7 11. Re1 Nf6 12. Ne5 Bxe4 13. Bxe4 Nxe4 14. Rxe4
O-O 15. Qf3 c6 16. Rf4 Bf6 17. Re1 Qe7 18. Rg4 Rad8 19. Nd3 g6 20. Nc5 Bg7 21.
Ne4 f5 22. Rg3 fxe4 23. Qxe4 Rfe8 24. h4 Rd5 25. Rge3 Qf7 26. Rf3 Rf5 27. Rxf5
Qxf5 28. Qe3 Qc2 29. Re2 Qb1+ 30. Kh2 Qxa2 31. Qg3 Qa5 32. Qd6 Bf8 33. Qd7 Re7
34. Qd6 Qc7 35. Qxc7 Rxc7 36. Rxe6 Kf7 37. Re4 Bd6+ 38. g3 Re7 39. Rxe7+ Kxe7
40. Kg2 Kf6 41. Kf3 a5 42. b3 b5 43. Ke3 Kf5 44. Kd3 a4 45. bxa4 bxa4 46. Kc2
Ke4 47. g4 c5 48. dxc5 Bxc5 0-1

[Event "XXXII Moglianoscacchi B"]
[Site "Mogliano Veneto ITA"]
[Date "2011.04.29"]
[Round "1"]
[White "Bonollo, Sergio"]
[Black "Viviani, Bruno"]
[Result "0-1"]
[WhiteElo "1864"]
[BlackElo "1701"]
[PlyCount "86"]
[EventDate "2011.04.29"]

1. e4 Nf6 2. e5 Nd5 3. d4 d6 4. f4 dxe5 5. dxe5 Nc6 6. Nf3 Bf5 7. a3 e6 8. Bb5
Bc5 9. b4 Be7 10. c4 Nb6 11. O-O Bd3 12. Bxc6+ bxc6 13. Rf2 Bxc4 14. Rd2 Bd5
15. Nc3 O-O 16. Qc2 a5 17. b5 cxb5 18. Nxb5 c6 19. Nbd4 Rc8 20. Bb2 Nc4 21. Rd3
Qb6 22. Rb3 Qa7 23. Kh1 a4 24. Rc3 Nxb2 25. Qxb2 Rb8 26. Qc2 c5 27. Ne2 Rb7 28.
Nd2 Rfb8 29. Nc4 Qa6 30. Re1 Rb3 31. Rc1 Bxc4 32. Rxc4 Rb2 33. Qe4 Rb1 34. Rxb1
Rxb1+ 35. Qxb1 Qxc4 36. Qb2 h6 37. h3 g5 38. g3 Qe4+ 39. Kg1 c4 40. Kf1 Qh1+
41. Ng1 Bc5 42. Qg2 Qxg2+ 43. Kxg2 Bxg1 0-1

[Event "XXXII Moglianoscacchi B"]
[Site "Mogliano Veneto ITA"]
[Date "2011.04.29"]
[Round "1"]
[White "Bozzao, Francesco"]
[Black "Pisani, Valerio"]
[Result "0-1"]
[WhiteElo "1867"]
[BlackElo "1714"]
[PlyCount "67"]
[EventDate "2011.04.29"]

1. d4 Nf6 2. Nf3 d5 3. c4 e6 4. Nc3 Be7 5. Bg5 O-O 6. e3 a6 7. Rc1 dxc4 8. Bxc4
b5 9. Bd3 Bb7 10. O-O Nbd7 11. Qe2 c5 12. dxc5 Nxc5 13. Bb1 Qb6 14. b4 Ncd7 15.
a3 h6 16. Bh4 Rac8 17. Rfd1 Rc4 18. Rxd7 Bxf3 19. Qxf3 Rxh4 20. g3 Nxd7 21.
gxh4 Rc8 22. Rd1 Nf6 23. Ne4 Qc6 24. Nxf6+ Bxf6 25. Be4 Qc3 26. Bb7 Rc7 27.
Bxa6 Qxa3 28. Bxb5 Qxb4 29. Qa8+ Kh7 30. Bd3+ g6 31. Rb1 Qxh4 32. Qb8 Be5 33.
Qb4 Rc1+ 34. Rxc1 0-1

[Event "XXXII Moglianoscacchi B"]
[Site "Mogliano Veneto ITA"]
[Date "2011.04.29"]
[Round "1"]
[White "Dal Bianco, Nicola"]
[Black "Ballarin, Gabriele"]
[Result "0-1"]
[WhiteElo "1620"]
[BlackElo "1825"]
[PlyCount "126"]
[EventDate "2011.04.29"]

1. c4 e5 2. Nc3 d6 3. g3 f5 4. Bg2 Nf6 5. d4 c6 6. dxe5 dxe5 7. Qxd8+ Kxd8 8.
Bg5 Be6 9. Nf3 Nbd7 10. Rd1 Kc7 11. Bxf6 gxf6 12. Nd2 Bh6 13. Bh3 Rae8 14. O-O
Rhg8 15. e3 a5 16. a3 Nc5 17. b4 axb4 18. axb4 Nd3 19. b5 Nc5 20. Ra1 Ra8 21.
Rfb1 Rgd8 22. b6+ Kb8 23. Rxa8+ Kxa8 24. Nf3 Bf8 25. Nh4 Bxc4 26. Bxf5 Bg8 27.
Nf3 Be7 28. g4 h6 29. Nh4 Rd6 30. h3 Bd8 31. Ne4 Nxe4 32. Bxe4 Be6 33. f4 c5
34. fxe5 fxe5 35. Nf3 Rxb6 36. Ra1+ Kb8 37. Nxe5 Bf6 38. Rc1 Bxe5 39. Rxc5 Bf6
40. Kf2 Bd7 41. Kg3 Bc6 42. Bf5 Rb5 43. Rc2 Be5+ 44. Kh4 Rb3 45. Kh5 Rxe3 46.
h4 Bf4 47. Rf2 Be8+ 48. Bg6 Re5+ 49. g5 Bxg6+ 50. Kxh6 Bxg5+ 51. hxg5 Re6 52.
Rf6 Rxf6 53. gxf6 Bf7 54. Kg5 Kc7 55. Kf5 Kd6 56. Ke4 Kc5 57. Kd3 Kb4 58. Kc2
Ka3 59. Kb1 b5 60. Ka1 b4 61. Kb1 b3 62. Ka1 b2+ 63. Kb1 Bg6# 0-1

[Event "XXXII Moglianoscacchi B"]
[Site "Mogliano Veneto ITA"]
[Date "2011.04.29"]
[Round "1"]
[White "De Marchi, Alessandro"]
[Black "Stefan, Marco"]
[Result "1-0"]
[WhiteElo "1693"]
[BlackElo "1852"]
[PlyCount "61"]
[EventDate "2011.04.29"]

1. e4 c5 2. Nf3 d6 3. Bb5+ Bd7 4. Bxd7+ Nxd7 5. O-O Ngf6 6. Re1 e6 7. c3 Be7 8.
d4 cxd4 9. cxd4 O-O 10. Nc3 Nb6 11. Qe2 Rc8 12. Nb5 a6 13. Na3 Qd7 14. Nd2 Rc7
15. b3 Rfc8 16. Bb2 Na8 17. Nac4 Nxe4 18. Nxe4 d5 19. Ne5 Qd8 20. Nd2 Rc2 21.
Nd3 Bf6 22. Rec1 Qa5 23. Rxc2 Rxc2 24. Rc1 Qc7 25. Qd1 Rxc1 26. Qxc1 Qxc1+ 27.
Nxc1 Bg5 28. Nf3 Bf6 29. Nd3 Nc7 30. Nc5 b6 31. Nd7 1-0

[Event "XXXII Moglianoscacchi B"]
[Site "Mogliano Veneto ITA"]
[Date "2011.04.29"]
[Round "1"]
[White "Fracasso Pezzolato, Michele"]
[Black "Vastano, Ciro"]
[Result "1-0"]
[WhiteElo "1810"]
[BlackElo "1607"]
[PlyCount "133"]
[EventDate "2011.04.29"]

1. e4 e6 2. d4 d5 3. e5 c5 4. c3 Nc6 5. Nf3 Qb6 6. a3 Nge7 7. dxc5 Qxc5 8. Be3
Qa5 9. Bd3 Qc7 10. Bd4 Bd7 11. O-O Ng6 12. Re1 Be7 13. Nbd2 Nxd4 14. cxd4 Rc8
15. g3 O-O 16. b4 Qb6 17. Qb3 Rc7 18. Rac1 Rfc8 19. Qb2 Nf8 20. Nb3 Bb5 21. Bb1
Rc4 22. Nc5 Qc7 23. Rxc4 Bxc4 24. Nd2 Bb5 25. Rc1 b6 26. Ncb3 Qd8 27. f4 Be2
28. Rc3 f6 29. Qc2 Rxc3 30. Qxc3 fxe5 31. dxe5 Qd7 32. Nd4 Bg4 33. Bd3 Qa4 34.
Bc2 Qe8 35. Qc7 Qd7 36. Qxd7 Nxd7 37. Nc6 Kf7 38. Nxa7 Be2 39. Kf2 Ba6 40. Nc6
Bf8 41. Nf3 h6 42. Nfd4 Bc4 43. Nd8+ Ke7 44. N8xe6 Nb8 45. f5 Kf7 46. Nxf8 Kxf8
47. e6 Ke7 48. Ke3 Na6 49. Ba4 Nc7 50. Kf4 b5 51. Bd1 Kf6 52. Bg4 Ne8 53. Nc6
Nd6 54. e7 g5+ 55. fxg6 Kxg6 56. Ke5 Ne8 57. Be6 Nf6 58. Bxd5 Bxd5 59. e8=Q+
Nxe8 60. Kxd5 Kg5 61. h3 Nf6+ 62. Kc5 Ne4+ 63. Kxb5 Nxg3 64. a4 Kh4 65. a5 Kxh3
66. a6 h5 67. a7 1-0

[Event "XXXII Moglianoscacchi B"]
[Site "Mogliano Veneto ITA"]
[Date "2011.04.29"]
[Round "1"]
[White "La Malfa, Stelio"]
[Black "Borghi, Bruno"]
[Result "1-0"]
[WhiteElo "1826"]
[BlackElo "1628"]
[PlyCount "83"]
[EventDate "2011.04.29"]

1. e4 e5 2. Nf3 Nc6 3. d4 exd4 4. Bc4 Nf6 5. e5 d5 6. Bb5 Ne4 7. Nxd4 Bd7 8.
Nxc6 bxc6 9. Bd3 Nc5 10. O-O Nxd3 11. Qxd3 Be7 12. f4 O-O 13. f5 Re8 14. Qg3
Bh4 15. Qf4 h6 16. f6 Bg5 17. Qg3 g6 18. Bxg5 hxg5 19. Qxg5 Re6 20. h4 Qe8 21.
Re1 Kh7 22. Nd2 Rb8 23. Nb3 Rb5 24. Nd4 Rxb2 25. Nf5 Qf8 26. Nd4 Qc5 27. Qe3
Re8 28. Kh1 Rb4 29. Rad1 Bg4 30. Rd2 Reb8 31. Qf4 Bd7 32. h5 Bf5 33. hxg6+ Bxg6
34. Qh4+ Kg8 35. e6 fxe6 36. f7+ Bxf7 37. Qg5+ Kh7 38. Nxe6 Bxe6 39. Rxe6 Rb1+
40. Kh2 Qg1+ 41. Kg3 Qe1+ 42. Rxe1 1-0

[Event "XXXII Moglianoscacchi B"]
[Site "Mogliano Veneto ITA"]
[Date "2011.04.29"]
[Round "1"]
[White "Losi, Enrico"]
[Black "Zangrando, Gianpietro"]
[Result "1/2-1/2"]
[WhiteElo "1634"]
[BlackElo "1827"]
[PlyCount "87"]
[EventDate "2011.04.29"]

1. e4 e6 2. d3 b6 3. Nd2 Bb7 4. Ngf3 d6 5. g3 Nd7 6. Bg2 Be7 7. O-O Ngf6 8. Re1
O-O 9. Nf1 a5 10. Bd2 b5 11. a3 c5 12. Ne3 Qb6 13. Qe2 Rfe8 14. h3 Bf8 15. Ng4
Nxg4 16. hxg4 g6 17. Be3 Bg7 18. Rab1 d5 19. exd5 exd5 20. Qd2 Ne5 21. Nxe5
Rxe5 22. c3 Rae8 23. Bf4 R5e6 24. g5 d4 25. Rxe6 Rxe6 26. Bxb7 dxc3 27. bxc3
Qxb7 28. Be3 Qc6 29. Qc2 Bf8 30. Qb3 b4 31. cxb4 cxb4 32. a4 Qe8 33. d4 Bd6 34.
Re1 Be7 35. f4 Bf8 36. Kf2 Bg7 37. d5 Re4 38. Rd1 Bc3 39. Rd3 Qd7 40. Kf3 Qh3
41. Qd1 Re8 42. d6 Qh5+ 43. Kg2 Qxd1 44. Rxd1 1/2-1/2

[Event "XXXII Moglianoscacchi B"]
[Site "Mogliano Veneto ITA"]
[Date "2011.04.29"]
[Round "1"]
[White "Marangoni, Simone"]
[Black "Barbetta, Cosimo"]
[Result "1-0"]
[WhiteElo "1835"]
[BlackElo "1686"]
[PlyCount "55"]
[EventDate "2011.04.29"]

1. c4 e5 2. Nc3 c5 3. Nf3 d6 4. g3 Nf6 5. d3 h6 6. Bg2 Bd7 7. O-O Nc6 8. a3 Be7
9. Rb1 a6 10. b4 cxb4 11. axb4 Rb8 12. b5 Na5 13. Ba3 axb5 14. Nxb5 Bc6 15. Qd2
b6 16. Nc3 O-O 17. Bb4 Ra8 18. Nb5 e4 19. Nfd4 d5 20. Bxa5 Bxb5 21. Bc3 Be8 22.
cxd5 Qxd5 23. Rxb6 Bc5 24. Rxf6 gxf6 25. Bxe4 Qa2 26. Qxh6 f5 27. Qg5+ Kh8 28.
Nxf5+ 1-0

[Event "XXXII Moglianoscacchi B"]
[Site "Mogliano Veneto ITA"]
[Date "2011.04.29"]
[Round "1"]
[White "Megna, Giuseppe"]
[Black "Bortolotto, Denzio"]
[Result "1/2-1/2"]
[WhiteElo "1890"]
[BlackElo "1751"]
[PlyCount "81"]
[EventDate "2011.04.29"]

1. d4 d5 2. c4 c6 3. Nc3 Nf6 4. Nf3 e6 5. Bg5 Be7 6. e3 Nbd7 7. Bd3 dxc4 8.
Bxc4 b5 9. Bd3 a6 10. O-O Bb7 11. Qe2 c5 12. dxc5 Nxc5 13. Bc2 O-O 14. Rfd1 Qc7
15. Rac1 Bxf3 16. gxf3 Rfd8 17. b4 Rxd1+ 18. Qxd1 Rd8 19. Qe2 Ncd7 20. Nd5 Qd6
21. Nxe7+ Qxe7 22. a3 Ne5 23. f4 Ng6 24. Bxg6 hxg6 25. e4 e5 26. fxe5 Qxe5 27.
f4 Qd4+ 28. Kf1 Re8 29. e5 Nd5 30. Qf2 Qd3+ 31. Kg1 Ne3 32. h4 Ng4 33. Qa7 Qd2
34. Rc7 Ne3 35. Qb7 Qe1+ 36. Kh2 Qf2+ 37. Kh3 Qf1+ 38. Kh2 Qe2+ 39. Kh1 Ng4 40.
Qg2 Qe1+ 41. Qg1 1/2-1/2

[Event "XXXII Moglianoscacchi B"]
[Site "Mogliano Veneto ITA"]
[Date "2011.04.29"]
[Round "1"]
[White "Mumelter, Igor"]
[Black "Bellon, Antonio"]
[Result "1/2-1/2"]
[WhiteElo "1879"]
[BlackElo "1744"]
[PlyCount "142"]
[EventDate "2011.04.29"]

1. e4 e5 2. Bc4 Nf6 3. d3 Bc5 4. Nc3 d6 5. Na4 Nbd7 6. Qe2 a6 7. Nxc5 Nxc5 8.
Bg5 Be6 9. Bb3 Bxb3 10. axb3 Ne6 11. Nf3 Nxg5 12. Nxg5 Qe7 13. Nf3 Nd7 14. Qd2
O-O 15. O-O f5 16. exf5 Rxf5 17. Qe3 Nf6 18. Rae1 Qf7 19. c4 b6 20. h3 Kh8 21.
Kh2 Rh5 22. Qd2 Rg8 23. d4 e4 24. Ng5 Qg6 25. Ne6 Ng4+ 26. Kg1 Rxh3 27. Qf4 Nh2
28. Ng5 Nf3+ 29. gxf3 Rxf3 30. Qg4 Rf5 31. f4 exf3 32. Re6 Qxg5 33. Qxg5 Rxg5+
34. Kf2 Rf8 35. Rfe1 Rg2+ 36. Kf1 h5 37. R6e3 Rxb2 38. c5 dxc5 39. dxc5 bxc5
40. Re5 f2 41. Ra1 Rxb3 42. Rxh5+ Kg8 43. Rxc5 Rh3 44. Kg2 f1=Q+ 45. Rxf1 Rxf1
46. Kxf1 Rf3+ 47. Ke2 Rf7 48. Rc6 a5 49. Ra6 Rf5 50. Rc6 a4 51. Ra6 Rf4 52. Ke3
Rb4 53. Kd3 Rb3+ 54. Kc2 Rb4 55. Kc3 Rh4 56. Rc6 Rh3+ 57. Kd4 a3 58. Rxc7 a2
59. Ra7 Rh2 60. Ke4 Kh7 61. Kf4 Kh6 62. Kg4 g6 63. Ra8 Rg2+ 64. Kh3 Rb2 65. Kg4
g5 66. Ra6+ Kg7 67. Kxg5 Kf7 68. Kf5 Ke7 69. Ke5 Kd7 70. Kd4 Kc7 71. Kc3 Rh2
1/2-1/2

[Event "XXXII Moglianoscacchi B"]
[Site "Mogliano Veneto ITA"]
[Date "2011.04.29"]
[Round "1"]
[White "Pasqualetto, Lorenzo"]
[Black "Maddaloni, Giovanni"]
[Result "1/2-1/2"]
[WhiteElo "1675"]
[BlackElo "1827"]
[PlyCount "96"]
[EventDate "2011.04.29"]

1. e4 c6 2. d4 d5 3. exd5 cxd5 4. c4 Nf6 5. Nc3 g6 6. cxd5 Nxd5 7. Qb3 Nb6 8.
Nf3 Bg7 9. Bb5+ Bd7 10. Bxd7+ Qxd7 11. Ne5 Qe6 12. Qxe6 fxe6 13. Nb5 Na6 14.
Bg5 Nd5 15. O-O O-O 16. Rfe1 Nab4 17. Re2 a5 18. Nd7 Rf5 19. Bh4 Nf4 20. Re4
Rxb5 21. Rxf4 g5 22. Bxg5 Rxg5 23. Re4 Bxd4 24. Rxe6 Rf5 25. Rxe7 Bxf2+ 26. Kh1
Nd3 27. Rd1 Rc8 28. g3 Rc1 29. Rxc1 Nxc1 30. Re8+ Kf7 31. Rb8 b6 32. a4 Na2 33.
Nxb6 Bxb6 34. Rxb6 Nb4 35. Kg2 Rd5 36. Rb7+ Kg6 37. Rb6+ Kf5 38. Kf3 h5 39. h3
Ke5 40. g4 hxg4+ 41. Kxg4 Kd4 42. h4 Kc4 43. h5 Nd3 44. h6 Ne5+ 45. Kf4 Nd3+
46. Kf3 Rh5 47. Kg4 Rh2 48. Kg5 Nxb2 1/2-1/2

[Event "XXXII Moglianoscacchi B"]
[Site "Mogliano Veneto ITA"]
[Date "2011.04.29"]
[Round "1"]
[White "Penzo, Amleto"]
[Black "Caverzan, Marco"]
[Result "1-0"]
[WhiteElo "1783"]
[BlackElo "1558"]
[PlyCount "78"]
[EventDate "2011.04.29"]

1. d4 f5 2. g3 Nf6 3. Bg2 e6 4. Nf3 Be7 5. c4 O-O 6. Nc3 d6 7. O-O Nc6 8. a3
Qe8 9. d5 exd5 10. Nxd5 Nxd5 11. Qxd5+ Qf7 12. Qxf7+ Kxf7 13. Bg5 h6 14. Bxe7
Kxe7 15. Nh4 Rf6 16. f4 Be6 17. Rac1 Rb8 18. Rfd1 Bf7 19. e4 g6 20. exf5 gxf5
21. c5 Rd8 22. cxd6+ Rdxd6 23. Rxd6 Kxd6 24. Bxc6 bxc6 25. b4 Bd5 26. Kf2 Be4
27. Rd1+ Ke7 28. Re1 Kd6 29. Rd1+ Ke7 30. Rc1 Rd6 31. Nf3 Bxf3 32. Kxf3 Kd7 33.
Rc3 h5 34. h3 Ke6 35. Ke3 Kf6 36. Rc5 Ke6 37. Ra5 c5 38. Rxc5 Ra6 39. Rc3 Kd6
1-0

[Event "XXXII Moglianoscacchi B"]
[Site "Mogliano Veneto ITA"]
[Date "2011.04.29"]
[Round "1"]
[White "Piccolotto, Giovanni"]
[Black "Dussin, Davide"]
[Result "0-1"]
[WhiteElo "1727"]
[BlackElo "1872"]
[PlyCount "90"]
[EventDate "2011.04.29"]

1. d4 Nf6 2. c4 g6 3. Nc3 Bg7 4. Nf3 d6 5. e4 O-O 6. Bd3 Nbd7 7. h3 e5 8. dxe5
Nxe5 9. Nxe5 dxe5 10. Bg5 c6 11. O-O h6 12. Be3 Be6 13. Qe2 Qa5 14. c5 Rfd8 15.
Rfd1 Nd7 16. a3 Bb3 17. Bc2 Be6 18. b4 Qc7 19. Bd3 Nf6 20. Bc4 Qe7 21. f3 Nh5
22. Rac1 Ng3 23. Qa2 Bxc4 24. Qxc4 Kh8 25. Bf2 Nh5 26. Ne2 f5 27. Ng3 Nxg3 28.
Bxg3 Qg5 29. Bf2 Rd2 30. Rxd2 Qxd2 31. Be1 Qd4+ 32. Qxd4 exd4 33. exf5 gxf5 34.
Rd1 Rd8 35. Rd3 Kg8 36. Bg3 Bf6 37. Kf2 Kf7 38. Bf4 h5 39. Bd6 Ke6 40. f4 Kd5
41. Ke2 Kc4 42. Rg3 Re8+ 43. Kd2 Bh4 44. Rd3 Be1+ 45. Kc2 Re2+ 0-1

[Event "XXXII Moglianoscacchi B"]
[Site "Mogliano Veneto ITA"]
[Date "2011.04.29"]
[Round "1"]
[White "Pietrobon, Mirco"]
[Black "Tonolo, Maurizio"]
[Result "1-0"]
[WhiteElo "1603"]
[BlackElo "1788"]
[PlyCount "49"]
[EventDate "2011.04.29"]

1. d4 d5 2. c4 e6 3. Nc3 Nf6 4. Nf3 Be7 5. e3 O-O 6. Bd3 b6 7. O-O dxc4 8. Bxc4
Bb7 9. Re1 c5 10. e4 cxd4 11. Qxd4 Qxd4 12. Nxd4 Rd8 13. Nf3 Nc6 14. Bg5 h6 15.
Bxf6 gxf6 16. a3 Nd4 17. Nxd4 Rxd4 18. Bb3 a6 19. Rad1 Rad8 20. Rxd4 Rxd4 21.
Rd1 Bc5 22. Bc2 Kf8 23. Kf1 Ke7 24. Ke2 Kd6 25. b4 1-0

[Event "XXXII Moglianoscacchi B"]
[Site "Mogliano Veneto ITA"]
[Date "2011.04.29"]
[Round "1"]
[White "Rizzo, Giuseppe"]
[Black "Aprile, Martino"]
[Result "0-1"]
[WhiteElo "1754"]
[BlackElo "1891"]
[PlyCount "66"]
[EventDate "2011.04.29"]

1. d4 Nf6 2. Bf4 g6 3. Nf3 Bg7 4. c3 d6 5. h3 O-O 6. e3 Nfd7 7. Nbd2 e5 8. Bg3
f5 9. Bc4+ Kh8 10. O-O Nc6 11. a3 g5 12. h4 Bf6 13. hxg5 Bxg5 14. Nxg5 Qxg5 15.
Nf3 Qe7 16. Re1 e4 17. Nh4 Qg5 18. Kh2 Nf6 19. f3 d5 20. Bf1 Nh5 21. Bf2 f4 22.
exf4 Nxf4 23. g3 Ng6 24. Nxg6+ hxg6 25. f4 Qh6+ 26. Kg1 Kg7 27. c4 Rh8 28. Bg2
Qh2+ 29. Kf1 Bh3 30. Bxh3 Rxh3 31. cxd5 Qh1+ 32. Ke2 Qf3+ 33. Kd2 Qxf2+ 0-1

[Event "XXXII Moglianoscacchi B"]
[Site "Mogliano Veneto ITA"]
[Date "2011.04.29"]
[Round "1"]
[White "Rossi, Gianni"]
[Black "Perissotto, Mario"]
[Result "0-1"]
[WhiteElo "1827"]
[BlackElo "1667"]
[PlyCount "66"]
[EventDate "2011.04.29"]

1. d4 d5 2. e4 dxe4 3. Nc3 Nf6 4. f3 exf3 5. Nxf3 Bg4 6. h3 Bh5 7. g4 Bg6 8.
Ne5 e6 9. Qf3 Qxd4 10. Nxg6 hxg6 11. Be3 Qb4 12. O-O-O c6 13. Rd4 Qa5 14. Ra4
Qc7 15. Bd3 Nbd7 16. Rf1 Ne5 17. Qf2 Nxd3+ 18. cxd3 Rxh3 19. g5 Qg3 20. Qxg3
Rxg3 21. Bf4 Rxd3 22. gxf6 gxf6 23. Kc2 Rh3 24. Ne4 Be7 25. Bd6 f5 26. Bxe7
Kxe7 27. Ng5 Rh2+ 28. Kc1 f6 29. Nf3 Rh3 30. Ra3 g5 31. Rd1 g4 32. Ng1 Rxa3 33.
bxa3 f4 0-1

[Event "XXXII Moglianoscacchi B"]
[Site "Mogliano Veneto ITA"]
[Date "2011.04.29"]
[Round "1"]
[White "Stradiotto, Angelo"]
[Black "Casagrande, Corrado"]
[Result "0-1"]
[WhiteElo "1506"]
[BlackElo "1770"]
[PlyCount "100"]
[EventDate "2011.04.29"]

1. d4 Nf6 2. c4 e5 3. e3 Bb4+ 4. Nc3 exd4 5. exd4 O-O 6. Bd3 d5 7. Nge2 dxc4 8.
Bxc4 Ng4 9. Bf4 Bd6 10. Bg3 Re8 11. O-O a6 12. Qb3 Nh6 13. Rad1 Nc6 14. Rd3 Na5
15. Qa4 Nxc4 16. Qxc4 Be6 17. d5 Bg4 18. Rd4 b5 19. Qd3 b4 20. Ne4 Bxe2 21.
Qxe2 f5 22. Bxd6 cxd6 23. Rxb4 fxe4 24. Rxe4 Rxe4 25. Qxe4 Qe8 26. Qe6+ Qxe6
27. dxe6 Re8 28. Re1 Kf8 29. f4 Ke7 30. Kf2 Kf6 31. Kf3 Rxe6 32. Rxe6+ Kxe6 33.
Ke4 d5+ 34. Kd4 Nf5+ 35. Kd3 Nh4 36. g4 Ng2 37. f5+ Ke5 38. h3 Nf4+ 39. Ke3
Nxh3 40. b4 d4+ 41. Kd3 Nf4+ 42. Kd2 h6 43. a4 Kd5 44. Kd1 Kc4 45. b5 axb5 46.
a5 Nd5 47. a6 Nc7 48. a7 Kc3 49. Kc1 d3 50. Kd1 d2 0-1

[Event "XXXII Moglianoscacchi B"]
[Site "Mogliano Veneto ITA"]
[Date "2011.04.30"]
[Round "2"]
[White "Aprile, Martino"]
[Black "Fracasso Pezzolato, Michele"]
[Result "0-1"]
[WhiteElo "1891"]
[BlackElo "1810"]
[PlyCount "52"]
[EventDate "2011.04.29"]

1. e4 c5 2. Nc3 e6 3. f4 d5 4. e5 Ne7 5. Nf3 g6 6. d4 Nf5 7. Ne2 Nc6 8. c3 cxd4
9. Nexd4 Ncxd4 10. Nxd4 Qh4+ 11. Ke2 Ng3+ 12. hxg3 Qxh1 13. Kf2 Bd7 14. Qb3 b6
15. Bb5 Bc5 16. Bxd7+ Kxd7 17. Qb5+ Ke7 18. Be3 Qxa1 19. Nc6+ Kf8 20. Bxc5+
bxc5 21. Qxc5+ Kg7 22. Qe7 Qxb2+ 23. Kg1 Qb6+ 24. Nd4 Rhe8 25. Qf6+ Kg8 26. Kh2
Qd8 0-1

[Event "XXXII Moglianoscacchi B"]
[Site "Mogliano Veneto ITA"]
[Date "2011.04.30"]
[Round "2"]
[White "Ballarin, Gabriele"]
[Black "Pietrobon, Mirco"]
[Result "1-0"]
[WhiteElo "1825"]
[BlackElo "1603"]
[PlyCount "93"]
[EventDate "2011.04.29"]

1. g3 g6 2. Bg2 Bg7 3. d3 Nf6 4. e4 d6 5. h3 Nbd7 6. Ne2 O-O 7. O-O c5 8. Na3
Rb8 9. c3 b5 10. Nc2 a6 11. f4 Bb7 12. g4 Nb6 13. Ng3 d5 14. e5 Ne8 15. d4 Na4
16. Qe1 c4 17. Ne3 Nc7 18. f5 Qd7 19. g5 Rfe8 20. Ng4 e6 21. fxg6 fxg6 22. b3
Nb6 23. Ba3 Nc8 24. Qe3 Ne7 25. Nf6+ Bxf6 26. gxf6 Nf5 27. Nxf5 exf5 28. Rae1
Re6 29. Qg5 Ree8 30. h4 Ne6 31. Qh6 a5 32. Bd6 Ra8 33. Re2 cxb3 34. axb3 a4 35.
bxa4 bxa4 36. Be7 Rxe7 37. fxe7 Qxe7 38. Ra1 Bc6 39. Rb2 Qa7 40. Kh1 Qa5 41.
Qd2 Qd8 42. Qe1 Nf4 43. Bf1 g5 44. Qg3 h6 45. Rf2 Kh7 46. hxg5 Qxg5 47. Qxf4
1-0

[Event "XXXII Moglianoscacchi B"]
[Site "Mogliano Veneto ITA"]
[Date "2011.04.30"]
[Round "2"]
[White "Banovi, Alit"]
[Black "De Marchi, Alessandro"]
[Result "1/2-1/2"]
[WhiteElo "1865"]
[BlackElo "1693"]
[PlyCount "118"]
[EventDate "2011.04.29"]

1. d4 Nf6 2. Bg5 Ne4 3. Bf4 d6 4. f3 Nf6 5. e4 c6 6. c3 Qb6 7. Qc2 Nbd7 8. Nd2
e5 9. Be3 Qc7 10. Bd3 Be7 11. Ne2 b6 12. Ng3 Nf8 13. Bg5 h6 14. Be3 g6 15. a4
a5 16. Rb1 Bd7 17. dxe5 dxe5 18. Nc4 Rb8 19. Qe2 Ne6 20. O-O Bc5 21. Bxc5 bxc5
22. Qd1 O-O 23. Bc2 Nf4 24. Ne2 Be6 25. Nxf4 Bxc4 26. Nd3 Rfd8 27. b3 Bxd3 28.
Bxd3 c4 29. bxc4 Qa7+ 30. Kh1 Qe3 31. Rxb8 Rxb8 32. Re1 Qc5 33. Bf1 Kg7 34. f4
Rb7 35. fxe5 Qxe5 36. Qd4 Re7 37. g3 c5 38. Qxe5 Rxe5 39. Bg2 Nd7 40. Rd1 Nb6
41. Rb1 Nxa4 42. Ra1 Nxc3 43. Rxa5 f5 44. Ra3 Nxe4 45. Kg1 h5 46. Bf3 Nd2 47.
Bd5 Ne4 48. Ra5 Kh6 49. Kg2 Kg5 50. h4+ Kg4 51. Rxc5 g5 52. Bxe4 Rxe4 53. hxg5
Kxg5 54. Kf3 Re1 55. Rc8 Rc1 56. c5 Rc3+ 57. Kg2 Rc2+ 58. Kh3 Rc3 59. Kg2 Rc1
1/2-1/2

[Event "XXXII Moglianoscacchi B"]
[Site "Mogliano Veneto ITA"]
[Date "2011.04.30"]
[Round "2"]
[White "Barbetta, Cosimo"]
[Black "Rossi, Gianni"]
[Result "1/2-1/2"]
[WhiteElo "1686"]
[BlackElo "1827"]
[PlyCount "156"]
[EventDate "2011.04.29"]

1. e4 Nf6 2. Nc3 d5 3. e5 Ne4 4. Nxe4 dxe4 5. c3 Nc6 6. Qa4 Qd5 7. Bb5 Bd7 8.
Bxc6 Bxc6 9. Qd4 Qxd4 10. cxd4 O-O-O 11. Ne2 Bb5 12. Nc3 Bd3 13. d5 g6 14. a4
Bg7 15. e6 Bxc3 16. dxc3 Rxd5 17. exf7 Rf8 18. Be3 Kb8 19. b3 Rxf7 20. Bd4 e5
21. Be3 Rfd7 22. c4 R5d6 23. Rc1 Bc2 24. O-O Bxb3 25. c5 Ra6 26. a5 Rxa5 27. c6
bxc6 28. Rxc6 Rd6 29. Rc3 Bd5 30. Rfc1 c6 31. g3 Rd7 32. Kg2 Rb7 33. Bg5 Ra2
34. Be3 Rab2 35. g4 Rb1 36. R1c2 R7b2 37. Rxb2+ Rxb2 38. Ra3 Rb7 39. Kg3 Rb3
40. Ra5 Rb7 41. Kh4 Rf7 42. Kg5 Rf3 43. Bxa7+ Kc8 44. h4 Bf7 45. Rxe5 Rh3 46.
Re7 h6+ 47. Kxh6 Rxh4+ 48. Kg5 Rh7 49. Be3 Kd8 50. Rxe4 Bd5 51. Re5 Rg7 52. Kh6
Rg8 53. Kh7 Re8 54. Rxe8+ Kxe8 55. Kxg6 Bf3 56. g5 Kf8 57. Kf6 Kg8 58. Ke5 Kf7
59. Kf4 Bh5 60. Kg3 Kg6 61. f4 Kf5 62. Bc5 Be2 63. Bd6 Bd1 64. Kf2 Bh5 65. Ke3
Bd1 66. Kd4 Bf3 67. Kc5 Be4 68. Be5 Bd5 69. Kd6 Be4 70. Ke7 Kg6 71. Ke6 Bd5+
72. Kd6 Be4 73. Bd4 Kf5 74. Be3 Bd5 75. Kc5 Be4 76. Kd4 Bd5 77. Bc1 Bf3 78. Be3
Bd5 1/2-1/2

[Event "XXXII Moglianoscacchi B"]
[Site "Mogliano Veneto ITA"]
[Date "2011.04.30"]
[Round "2"]
[White "Bellon, Antonio"]
[Black "Bozzao, Francesco"]
[Result "0-1"]
[WhiteElo "1744"]
[BlackElo "1867"]
[PlyCount "70"]
[EventDate "2011.04.29"]

1. e4 c5 2. Nc3 Nc6 3. g3 g6 4. Bg2 Bg7 5. d3 d6 6. Be3 Nf6 7. h3 a6 8. f4 e5
9. Nf3 Nh5 10. Kf2 exf4 11. gxf4 Nd4 12. Bxd4 Bxd4+ 13. Nxd4 Qh4+ 14. Kg1 cxd4
15. Nd5 O-O 16. Qf3 Be6 17. Rf1 Bxd5 18. exd5 f5 19. Qf2 Qxf2+ 20. Rxf2 Rfe8
21. Kh2 Re3 22. Rg1 Rae8 23. b4 Re2 24. Rgf1 R8e3 25. Kg1 Rxf2 26. Rxf2 Re1+
27. Rf1 Rxf1+ 28. Kxf1 Nxf4 29. Kf2 Nxg2 30. Kxg2 g5 31. Kf3 Kg7 32. a4 Kf6 33.
b5 axb5 34. axb5 Ke5 35. h4 h6 0-1

[Event "XXXII Moglianoscacchi B"]
[Site "Mogliano Veneto ITA"]
[Date "2011.04.30"]
[Round "2"]
[White "Borghi, Bruno"]
[Black "Rizzo, Giuseppe"]
[Result "1-0"]
[WhiteElo "1628"]
[BlackElo "1754"]
[PlyCount "46"]
[EventDate "2011.04.29"]

1. e4 Nf6 2. Nc3 d5 3. exd5 Nxd5 4. Nxd5 Qxd5 5. d4 Nc6 6. Nf3 Bg4 7. Be2 O-O-O
8. c3 e5 9. Be3 exd4 10. Bxd4 Nxd4 11. Nxd4 Bxe2 12. Qxe2 Bc5 13. O-O g6 14.
Rfd1 Rhe8 15. Qc2 Qh5 16. Nf3 Bd6 17. h3 Re7 18. Re1 Rde8 19. Rxe7 Rxe7 20. Qd2
Rd7 21. Qe3 Re7 22. Qxa7 Qb5 23. b3 Re2 1-0

[Event "XXXII Moglianoscacchi B"]
[Site "Mogliano Veneto ITA"]
[Date "2011.04.30"]
[Round "2"]
[White "Bortolotto, Denzio"]
[Black "Mumelter, Igor"]
[Result "0-1"]
[WhiteElo "1751"]
[BlackElo "1879"]
[PlyCount "72"]
[EventDate "2011.04.29"]

1. d4 Nf6 2. c4 e6 3. Nf3 Bb4+ 4. Bd2 Qe7 5. Qb3 a5 6. a3 Bxd2+ 7. Nbxd2 d6 8.
e3 O-O 9. Bd3 e5 10. dxe5 dxe5 11. Ne4 Nxe4 12. Bxe4 Nd7 13. Bc2 e4 14. Nd4 Nc5
15. Qc3 a4 16. O-O Qg5 17. Ne2 Ra6 18. Rad1 Rh6 19. Nf4 c6 20. Rd4 Bf5 21. Rfd1
Qh4 22. h3 Qe7 23. g4 Bxg4 24. hxg4 Qh4 25. Kf1 Qxg4 26. Ke1 Ne6 27. Nxe6 fxe6
28. Kd2 e5 29. Rxe4 Rd8+ 30. Kc1 Rxd1+ 31. Bxd1 Qxe4 32. Bxa4 Rh1+ 33. Bd1 h5
34. c5 Qd5 35. Qc2 h4 36. Qa4 Qxd1+ 0-1